Horečka : vyprávění Nicolase Storma o vyšetřování vraždy jeho otce /

Main Author: Meyer, Deon, 1958-
Other Authors: Neuman, Saša, 1958-
Language: Czech
Published: Brno : MOBA, 2018
Edition: Vydání první
Physical Description: 639 stran ; 21 cm
Book
Saved in:
LEADER 01638nam a2200457 i 4500
001 nkc20183023968
003 CZ PrNK
005 20181001091514.0
007 ta
008 180906s2018 xr g 000 f cze
015 |a cnb003023968 
020 |a 978-80-243-8289-0  |q (vázáno) 
035 |a (OCoLC)1065857761 
040 |a OLA001  |b cze  |e rda 
041 1 |a cze  |h eng 
072 7 |a 821.11  |x Germánské literatury  |2 Konspekt  |9 25 
080 |a 821.112.6(680)-31  |2 MRF 
080 |a (0:82-312.4)  |2 MRF 
100 1 |a Meyer, Deon,  |d 1958-  |7 xx0086427  |4 aut 
240 1 0 |a Fever.  |l Česky 
245 1 0 |a Horečka :  |b vyprávění Nicolase Storma o vyšetřování vraždy jeho otce /  |c Deon Meyer ; překlad Alexandr Neuman 
250 |a Vydání první 
264 1 |a Brno :  |b MOBA,  |c 2018 
300 |a 639 stran ;  |c 21 cm 
336 |a text  |b txt  |2 rdacontent 
337 |a bez média  |b n  |2 rdamedia 
338 |a svazek  |b nc  |2 rdacarrier 
500 |a Přeloženo z angličtiny 
500 |a Terminologický slovník 
504 |a Obsahuje bibliografii 
655 7 |a jihoafrické romány (afrikánsky)  |7 fd948819  |2 czenas 
655 7 |a thrillery (romány)  |7 fd184206  |2 czenas 
655 9 |a South African fiction (Afrikaans)  |2 eczenas 
655 9 |a thrillers (novels)  |2 eczenas 
700 1 |a Neuman, Saša,  |d 1958-  |7 xx0040088  |4 trl 
910 2 |a BOA001  |b 2-1411.779 
990 |a BK 
995 |a 01 
991 |b 201809  |c NOV 
996 6 |b 2610753984  |c 2-1411.779  |l MZK  |r Sklad / do 1 hodiny  |n 1  |p p.v.  |w 001685550  |u 000010  |a 1  |e BOA001  |j MZK50  |s P 
996 7 |b 2610753985  |c 2-1411.779  |l MZK  |r Sklad / do 1 hodiny  |n 9  |p p.v.  |w 001685550  |u 000020  |a 1  |e BOA001  |j MZK50  |s A